00630nam a22001817a 450000500170000000800410001702000150005804000240007305000150009724500950011226000580020730000260026550000510029165000220034265000250036465000380038965000210042720230726102908.0230726b |||||||| |||| 00| 0 eng d a1856284131 aKMU cKMUdKMUerda a1856284131 aProject Design for Agricultural Development /cEdited by Nicholas Maddock, Frank Wilson A. aEngland ;aUSA :bAshgate Publishing Company,cC1994. axi, 224 p. :c22 cm.  aIncludes bibliographical references and index. aRural development aDeveloping countries aAgricultural development projects aEconomic history